Visualizzazione normale
Vista MARC
- Sodi, Manlio,
di Personal Name
Records bibliografici associati: 1
001 - CONTROL NUMBER
- control field: 57530
003 - CONTROL NUMBER IDENTIFIER
- control field:
005 - DATE AND TIME OF LATEST TRANSACTION
- control field: 20181123135507.0
008 - FIXED-LENGTH DATA ELEMENTS
- fixed length control field: 181123|| aca||aabn | a|a d
040 ## - CATALOGING SOURCE
- Original cataloging agency:
- Transcribing agency:
100 ## - HEADING--PERSONAL NAME
- Personal name: Sodi, Manlio,
- Titles and other words associated with a name: s.d.b.,
- Dates associated with a name: 1944-,
- Relator term: ed.
670 ## - SOURCE DATA FOUND
- Source citation: Work cat.: ()0: Paolo di Tarso, tra kerygma, cultus e vita /, 2009.